|
|
|
|
| LEADER |
00824cam a2200229 7i4500 |
| 001 |
0000029012 |
| 005 |
20170218090000.0 |
| 008 |
090728 eng |
| 020 |
|
|
|a 9780521874212 (hbk.)
|
| 040 |
|
|
|a DLC
|
| 090 |
0 |
0 |
|a TK5105.78
|b .W53 2008
|
| 100 |
1 |
|
|a Wilton, Andy
|
| 245 |
1 |
0 |
|a Deploying wireless networks
|c Andy Wilton, Tim Charity.
|
| 260 |
|
|
|a New York:
|b Cambridge University Press,
|c 2008.
|
| 300 |
|
|
|a xv, 360 p.:
|b ill.;
|c 26 cm.
|
| 500 |
|
|
|a Includes index
|
| 650 |
0 |
0 |
|a Personal communication service systems
|
| 650 |
0 |
0 |
|a Cellular telephone systems
|
| 700 |
1 |
|
|a Charity, Tim
|
| 997 |
|
|
|a Communication, Visual Art & Computing, Faculty
|b Computing, Department
|
| 999 |
|
|
|a 0000037080
|b BOK
|c OPEN SHELF
|e 2nd Floor, Bestari Jaya
|
| 999 |
|
|
|a 0000037081
|b BOK
|c OPEN SHELF
|e 2nd Floor, Bestari Jaya
|